=LDR 00000nam 2200000 4500 =001 INLIS000000000059686 =005 20211124021501 =035 ##$$a 0010-1121000423 =007 ta =008 211124###########################0#ind## =082 ##$$a 320.1 =084 ##$$a 320.1 Org t =245 1#$$a Tahap-Tahap Perkembangan Politik /$c A.F.K. Organski =250 ##$$a Cet.1 =300 ##$$a xLiii, 253 halaman ; $c 21 cm. =650 #4$$a Ilmu Politik =264 ##$$a jakarta :$b Akademika Persindo,$c 1985 =336 ##$$a teks$2 rdacontent =337 ##$$a lain-lain$2 rdamedia =338 ##$$a lain-lain$2 rdacarrier =990 ##$$a 32173217